000 00471nam a2200169Ia 4500
999 _c30081
_d30081
003 OSt
005 20201123102442.0
008 190216s9999||||xx |||||||||||||| ||und||
040 _coclc
082 _a894.8123
_bATH/K
100 _aAtholi, Raghavan
_96837
245 0 _aKaliyattam /
_cRaghavan Atholi
260 _bSpace Kerala,
_c2016.
_aCalicut:
300 _a128p
650 _aMalayalam
942 _cBK
_2ddc
_h894.8123
_iATH/K
_k894.8123
_mATH/K